Discursos de recepción leídos en la Real Academia de Ciencias Morales y Políticas (Record no. 173063)
[ view plain ]
| 000 -LEADER | |
|---|---|
| campo de control de longitud fija | 02085nas a2200325 i 4500 |
| 001 - NÚMERO DE CONTROL | |
| campo de control | 173063 |
| 003 - IDENTIFICADOR DE NÚMERO DE CONTROL | |
| campo de control | ES-MaACL |
| 005 - FECHA Y HORA DE LA ÚLTIMA TRANSACCIÓN | |
| campo de control | 20250923161117.0 |
| 007 - CAMPO FIJO DE DESCRIPCIÓN FÍSICA--INFORMACIÓN GENERAL | |
| campo de control de longitud fija | t| |
| 008 - DATOS DE LONGITUD FIJA--INFORMACIÓN GENERAL | |
| campo de control de longitud fija | 091022c1924 sp a| | 1 ||pa d |
| 080 ## - NÚMERO DE LA CLASIFICACIÓN DECIMAL UNIVERSAL | |
| Número de la Clasificación Decimal Universal | 3 : 061.12(460) |
| 110 2# - ENTRADA PRINCIPAL--NOMBRE DE ENTIDAD CORPORATIVA | |
| Nombre de entidad corporativa o nombre de jurisdicción como elemento de entrada | Real Academia de Ciencias Morales y Políticas (España) |
| 9 (RLIN) | 222050 |
| 245 10 - MENCIÓN DEL TÍTULO | |
| Título | Discursos de recepción leídos en la Real Academia de Ciencias Morales y Políticas |
| Fechas predominantes | 1920-1921. |
| 260 ## - PUBLICACIÓN, DISTRIBUCIÓN, ETC. | |
| Lugar de publicación, distribución, etc. | Madrid : |
| Nombre del editor, distribuidor, etc. | [s. n.], |
| Fecha de publicación, distribución, etc. | 1924 (Est. Tip. Viuda e Hijos de Jaime Ratés) |
| 300 ## - DESCRIPCIÓN FÍSICA | |
| Extensión | 1 v. ; |
| Dimensiones | 26 cm. |
| 505 8# - NOTA DE CONTENIDO CON FORMATO | |
| Nota de contenido con formato | Contiene: T. XIV: Contribución del lenguaje a la filosofía de los valores / Juan Zaragüeta Bengoechea (231 p.). Contestación / Eduardo Sanz y Escartín (p. 232-242). Legislación internacional del trabajo / José Gascón y Marín (p. 243-322). Contestación / Rafael Altamira y Crevea (p. 323-337). La crisis del régimen parlamentario: concepto del legislador / Adolfo Pons y Umbert (p. 339-393). Contestación / Adolfo Bonilla y San Martín (p. 395-408). La abolición del salariado / Severino Aznar Embid (p. 409-511). Contestación / Álvaro López Núñez (p. 512-542). Inviolabilidad parlamentaria / Gabino Bugallal y Araujo. Conde de Bugallal (p. 543-629). Contestación / Eduardo Sanz y Escartín (p. 631-643). El terrorismo, la libertad y la policía / Antonio Royo Villanova (p. 645-707). Contestación / Niceto Alcalá Zamora (p. 709-721). |
| 700 1# - ENTRADA AGREGADA--NOMBRE PERSONAL | |
| Nombre de persona | Bonilla y San Martín, Adolfo, |
| Fechas asociadas al nombre | 1875-1926 |
| 9 (RLIN) | 30193 |
| 700 1# - ENTRADA AGREGADA--NOMBRE PERSONAL | |
| Nombre de persona | Sanz y Escartín, Eduardo, |
| Fechas asociadas al nombre | 1855-1939 |
| 9 (RLIN) | 103695 |
| 700 1# - ENTRADA AGREGADA--NOMBRE PERSONAL | |
| Nombre de persona | Alcalá Zamora, Niceto, |
| Fechas asociadas al nombre | 1877-1949 |
| 9 (RLIN) | 19473 |
| 700 1# - ENTRADA AGREGADA--NOMBRE PERSONAL | |
| Nombre de persona | López Núñez, Alvaro. |
| 9 (RLIN) | 73832 |
| 700 1# - ENTRADA AGREGADA--NOMBRE PERSONAL | |
| Nombre de persona | Zaragüeta, Juan. |
| 9 (RLIN) | 118040 |
| 700 1# - ENTRADA AGREGADA--NOMBRE PERSONAL | |
| Nombre de persona | Gascón y Marín, José. |
| 9 (RLIN) | 55866 |
| 700 1# - ENTRADA AGREGADA--NOMBRE PERSONAL | |
| Nombre de persona | Altamira, Rafael, |
| Fechas asociadas al nombre | 1866-1951 |
| 9 (RLIN) | 20515 |
| 700 1# - ENTRADA AGREGADA--NOMBRE PERSONAL | |
| Nombre de persona | Pons y Umbert, Adolfo. |
| 9 (RLIN) | 93034 |
| 700 1# - ENTRADA AGREGADA--NOMBRE PERSONAL | |
| Nombre de persona | Aznar, Severino, |
| Fechas asociadas al nombre | 1870-1959 |
| 9 (RLIN) | 24307 |
| 700 1# - ENTRADA AGREGADA--NOMBRE PERSONAL | |
| Nombre de persona | Bugallal y Araujo, Gabino, |
| Títulos y otros términos asociados al nombre | Conde de, |
| Fechas asociadas al nombre | 1861-1932 |
| 9 (RLIN) | 32440 |
| 700 1# - ENTRADA AGREGADA--NOMBRE PERSONAL | |
| Nombre de persona | Royo Villanova, Antonio, |
| Fechas asociadas al nombre | 1869-1958 |
| 9 (RLIN) | 100235 |
| 852 ## - LOCALIZACIÓN | |
| Ubicación | ES-MaACL |
| Número de control de estantería | K-196 |
| Estatus retirado | Estado de pérdida | Estado de daño | No para préstamo | Colección | Biblioteca de origen | Biblioteca actual | Ubicación en estantería | Fecha de adquisición | Total de préstamos | Signatura topográfica completa | Código de barras | Visto por última vez | Precio de reemplazo | Tipo de ítem Koha |
|---|---|---|---|---|---|---|---|---|---|---|---|---|---|---|
| Periódicos y Revistas | Biblioteca del Ateneo de Madrid | Biblioteca del Ateneo de Madrid | Administración | 22/10/2009 | K-196 | 1181594 | 23/02/2023 | 23/02/2023 | Revista |
